Corporate strategy : To the memory of Robert E. Gross

Salvato in:
Dettagli Bibliografici
Autore principale: Ansoff, H. Igor
Natura: Libro
Lingua:Undetermined
Pubblicazione: England Penguin Books 1968
Soggetti:
Tags: Aggiungi Tag
Nessun Tag, puoi essere il primo ad aggiungerne! !
Thư viện lưu trữ: Trung tâm Học liệu Trường Đại học Cần Thơ
LEADER 00512nam a2200193Ia 4500
001 CTU_88568
008 210402s9999 xx 000 0 und d
082 |a 658 
082 |b A622 
100 |a Ansoff, H. Igor 
245 0 |a Corporate strategy : 
245 0 |b To the memory of Robert E. Gross 
245 0 |c H. Igor Ansoff 
260 |a England 
260 |b Penguin Books 
260 |c 1968 
650 |a Strategic planning 
904 |i Giang,Hải 
980 |a Trung tâm Học liệu Trường Đại học Cần Thơ